000 01100nam a22003257a 4500
003 CHAP
005 20220817043340.0
008 971013s1981 r 00010 d
010 _a72806
011 _a73778
035 _a83336
040 _cCHAP
090 _aTesis
100 0 0 _aAlanís Horn, Fernando.
_93330
245 _aDeterminación de un criterio de selección en base al número de lechones por camada en cerdas de reemplazo
260 _aMonterrey, N.L. :
_bEl autor,
_c1981
300 _a34 h.
_b; apénd.
502 _aTesis (Ing. Agr. Administrador) -- ITESM. Div. de Ciencias Agropecuarias y Marítimas
590 _aALEPH
_b10
_c20130110
_lUCH01
_h1414
590 _aBATCH-UPD
_b10
_c20130109
_lUCH01
_h2314
590 _aBATCH-UPD
_b10
_c20130110
_lUCH01
_h0722
590 _aBATCH-UPD
_b10
_c20130410
_lUCH01
_h0407
590 _aBATCH-UPD
_b10
_c20130913
_lUCH01
_h2341
590 _aCONVERSION
_b10
_c20130109
_lUCH01
_h1340
650 1 4 _aGanado porcino
_xFecundidad.
_945369
650 1 4 _aLechones.
901 _aBK
942 _cTESIS
949 _bBC
_cTES
_d-37855
_eTS1
_i83336
_si
999 _c72806
_d72806